Przydomki piłkarzy - Statystyki

Ogólne statystyki
  • Ten quiz został rozwiązany 251 razy
  • Średni wynik to 6 z 10
Statystyki odpowiedzi
Przydomek Zawodnik % Poprawnych
Zizou Zidane
95%
Kun Aguero
92%
Atomowa pchła Messi
89%
Super mario Balotelli
77%
Poldi Podolski
73%
El fenomeno Ronaldo
72%
El nino Torres
59%
El pipita Higuain
26%
Nemo Ozil
17%
Tarzan Puyol
16%
Nie znaleziono quizów pasujących do podanych kryteriów
Rozkład punktacji
Procent ludzi z każdym wynikiem
Percentyl według liczby udzielonych odpowiedzi
Twoja historia wyników
Nie rozwiązałeś tego quizu